| 000 | 00461cam a2200181ua 4500 | ||
|---|---|---|---|
| 020 | _c125 | ||
| 041 |
_aeng _h |
||
| 082 |
_a028.71624 _bRAM/SO |
||
| 100 | _aRamiah, B K . | ||
| 245 |
_aSoil mechanics and foundation engineering / _cB.K.Ramiah. _hTextual Documents |
||
| 250 |
_a2 / _b. |
||
| 260 |
_aNew Delhi : _bOxford & IBH Publishing company , _c1990. |
||
| 300 | _a576 ; . | ||
| 365 | _a125 | ||
| 504 | _a | ||
| 942 | _cBK | ||
| 999 |
_c3097 _d3097 |
||